Т. 1 : 1870-1917; Владимир Ильич Ленин. Биография

Xehetasun bibliografikoak
Parent link:Владимир Ильич Ленин. Биография: в 2 т./ Институт марксизма-ленинизма (ИМЛ). Т. 1 : 1870-1917.— 7-е изд..— , 1985-1986
Hizkuntza:errusiera
Argitaratua: 1985
Gaiak:
Formatua: MixedMaterials Liburua
KOHA link:https://koha.lib.tpu.ru/cgi-bin/koha/opac-detail.pl?biblionumber=283757

MARC

LEADER 00000nam2a2200000 4500
001 283757
005 20260425071717.0
035 |a (RuTPU)RU\TPU\book\307885 
035 |a RU\TPU\book\299759 
090 |a 283757 
100 |a 20150210d1985 km y0rusy50 ca 
101 0 |a rus 
102 |a RU 
105 |a ac z 000zb 
200 0 |a Т. 1 : 1870-1917 
210 |d 1985 
215 |a 386 с.  |c ил. 
461 1 |0 (RuTPU)RU\TPU\book\294748  |t Владимир Ильич Ленин. Биография  |o в 2 т.  |f Институт марксизма-ленинизма (ИМЛ)  |v Т. 1 : 1870-1917  |e 7-е изд.  |d 1985-1986 
600 1 |a Ленин  |b В. И.  |c настоящая фамилия Ульянов  |c российский политический деятель  |f 1870-1924  |g Владимир Ильич  |2 stltpush  |3 (RuTPU)RU\TPU\pers\1074  |9 486 
606 |7 ca  |8 rus  |a Ленин В. И.  |x Жизнь и деятельность  |9 89215 
610 1 |a персоналии 
610 1 |a государственные деятели 
610 1 |a политические деятели 
610 1 |a биографические материалы 
686 |a Т3(2)6-8Ленин35  |2 rubbk 
801 1 |a RU  |b 63413507  |c 20141124 
801 2 |a RU  |b 63413507  |c 20161110  |g RCR 
942 |c BK